Top 100 Songs 7/25/20 - Statistics

General Stats
  • This quiz has been taken 9 times
  • The average score is 11 of 100
Answer Stats
Rank Artist Answer % Correct
100 6ix9ine GOOBA
56%
1 DaBaby Rockstar
56%
4 The Weeknd Blinding Lights
44%
33 Trevor Daniel Falling
44%
54 Drake Toosie Slide
44%
13 Lil Mosey Blueberry Faygo
33%
20 Post Malone Circles
33%
2 Juice WRLD Come & Go
33%
25 StaySolidRocky Party Girl
33%
8 SAINt JHN Roses
33%
6 Megan Thee Stallion Savage
33%
18 Doja Cat Say So
33%
11 Harry Styles Watermelon Sugar
33%
16 Juice WRLD Bad Energy
22%
12 Juice WRLD Blood On My Jeans
22%
7 Juice WRLD Conversations
22%
35 Juice WRLD Fighting Demons
22%
32 Pop Smoke For The Night
22%
10 Juice WRLD Hate The Other Side
22%
39 Future Life Is Good
22%
9 Juice WRLD Life's A Mess
22%
51 Juice WRLD Man Of The Year
22%
15 Juice WRLD Righteous
22%
46 Juice WRLD Screw Juice
22%
34 Juice WRLD Stay High
22%
40 Roddy Rich The Box
22%
14 Juice WRLD Titanic
22%
42 Juice WRLD Up Up And Away
22%
3 Jack Harlow What's Poppin
22%
5 Juice WRLD Wishing Well
22%
99 Pop Smoke 44 Bulldog
11%
89 Pop Smoke Aim For The Moon
11%
44 Miranda Lambert Bluebird
11%
24 Dua Lipa Break My Heart
11%
41 Powfu Death Bed
11%
50 Juice WRLD Don't Die
11%
83 Pop Smoke Gangstas
11%
59 Pop Smoke Got It On Me
11%
47 Juice WRLD I Want It
11%
79 Pop Smoke Mood Swings
11%
52 Rod Raves Rags2Riches
11%
28 Lady Gaga Rain On Me
11%
75 Pop Smoke Something Special
11%
38 Juice WRLD Tell Me U Luv Me
11%
69 THE SCOTTS The Scotts
11%
48 Pop Smoke The Woo
11%
97 Lil Durk 3 Headed Goat
0%
17 Harry Styles Adore
0%
81 Don Toliver After Party
0%
70 Thomas Rhett Be A Light
0%
95 Thomas Rhett Beer Can't Fix
0%
30 Lewis Capaldi Before You Go
0%
62 Marshmello Be Kind
0%
73 Kane Brown Be Like That
0%
49 Morgan Wallen Chasin' You
0%
93 Drake Chicago Freestyle
0%
77 Kane Brown Cool Again
0%
53 Maddie & Tae Die From A Broken Heart
0%
80 Luke Combs Does To Me
0%
67 Chris Janson Done
0%
71 Young T Don't Rush
0%
27 Dua Lipa Don't Start Now
0%
55 Lil Baby Emotionally Scarred
0%
92 Rod Wave Girl Of My Dreams
0%
57 Megan Thee Stallion Girls In The Hood
0%
29 Chris Brown Go Crazy
0%
74 Keith Urban God Whispered Your Name
0%
65 Jason Aldean Got What I Got
0%
37 Sam Hunt Hard To Forget
0%
96 Kenny Chesney Here And Now
0%
61 JP Saxe If The World Was Ending
0%
23 Gabby Barrett I Hope
0%
88 surf mesa iLi
0%
64 Florida Georgia Line I Love My Country
0%
21 Justin Bieber Intentions
0%
84 Summer Walker Let It Go
0%
68 Doja Cat Like That
0%
87 Luke Combs Lovin' On You
0%
72 Black Eyed Peas Mamacita
0%
85 Megan Wallen More Than My Hometown
0%
86 Summer Walker My Affection
0%
82 Migos Need It
0%
98 HARDY One Beer
0%
60 LOCASH One Big Country Song
0%
31 Luke Bryan One Margarita
0%
94 Ashley McBryde One Night Standards
0%
78 Lee Brice One Of Them Girls
0%
90 Trevor Daniel Past Life
0%
63 Moneybagg Yo Said Sum
0%
19 Jawsh 685 Savage Love
0%
66 Ariana Grande Stuck With U
0%
45 Surfaces Sunday Best
0%
56 BENEE Supalonely
0%
91 Saweetie Tap In
0%
22 Kid Cudi The Adventure Of Moon Man & Slim Shady
0%
43 Lil Baby The Bigger Picture
0%
36 Maren Morris The Bones
0%
58 NLE Choppa Walk Em Down
0%
26 Lil Baby We Paid
0%
76 Justin Moore Why We Drink
0%
No matching quizzes found
Score Distribution
Percent of People with Each Score
Percentile by Number Answered
Your Score History
You have not taken this quiz